000 00436nam a2200157Ia 4500
008 230917s9999||||xx |||||||||||||| ||und||
040 _e138677
_aMAIN
041 _aEnglish
082 _a338.4791 F36C
100 _aFennell, David A
245 0 _aCodes of ethics in tourism : Practices, theory, synthesis
260 _aNew Delhi
_bViva Books
_c2010
300 _aviii, 186 p.
500 _a2765 30/06/2017 Main Budget
942 _cBK
999 _c23085
_d23085